Vers les structures : nouvelle pedagogie de la mathematique
Αποθηκεύτηκε σε:
| Κύριος συγγραφέας: | |
|---|---|
| Μορφή: | Βιβλίο |
| Γλώσσα: | French |
| Δημοσίευση: |
Paris :
Hermann,
c1971
|
| Σειρά: | Formation des enseignants
Actualites scientifiques et industrielles ; ; 1350 |
| Θέματα: | |
| Ετικέτες: |
Προσθήκη ετικέτας
Δεν υπάρχουν, Καταχωρήστε ετικέτα πρώτοι!
|
MARC
| LEADER | 00000cam a2200000 i 4500 | ||
|---|---|---|---|
| 001 | 1/6912 | ||
| 008 | 100426s1971 fre d | ||
| 035 | |l 10107678 | ||
| 040 | |a GR-MY-UA |b gre |e aacr | ||
| 041 | 0 | |a fre | |
| 082 | 0 | |a 510.7 |2 (22) | |
| 100 | 1 | |a Ziglon, Remi. | |
| 245 | 1 | 0 | |a Vers les structures : |b nouvelle pedagogie de la mathematique / |c Remi Ziglon |
| 260 | |a Paris : |b Hermann, |c c1971 | ||
| 300 | |a 229 σ.; |b σχέδια; |c 24 εκ. | ||
| 490 | 1 | |a Formation des enseignants | |
| 490 | 1 | |a Actualites scientifiques et industrielles |v ; 1350 | |
| 504 | |a Περιέχει βιβλιογραφικές παραπομπές και ευρετήριο | ||
| 650 | 0 | 0 | |a Mathematics |x Study and teaching. |
| 650 | 0 | 0 | |a Set theory |x Study and teaching. |
| 830 | 0 | |a Formation des enseignants | |
| 830 | 0 | |a Actualites scientifiques et industrielles ; |v ; 1350 | |
| 852 | |a INST |b SAMOS |c MAG |e 20100426 |h 510.7 ZIG |p 005300031963 |q 005300031963 |t BK |y 0 | ||
| 901 | |a BIBL3-2010-1 | ||
| 909 | |a Σ |b 162254 | ||
| 970 | |a ΡΟΥΣΣΟΥ |b ΚΩΝΣΤΑΝΤΙΝΑ |z 2010/04/26 | ||